Una aproximación a la filosofía : ¿qué será eso de la filosofía? /
Guardat en:
| Autor principal: | |
|---|---|
| Format: | Electrònic eBook |
| Idioma: | espanyol |
| Publicat: |
Madrid :
Editorial Popular,
[2023]
|
| Col·lecció: | Urgencias.
|
| Matèries: | |
| Accés en línia: | Digitalia Hispánica |
| Etiquetes: |
Afegir etiqueta
Sense etiquetes, Sigues el primer a etiquetar aquest registre!
|
MARC
| LEADER | 00000nam a2200000Ii 4500 | ||
|---|---|---|---|
| 001 | DIGPOPL0258 | ||
| 003 | NyNyDIG | ||
| 006 | m o d | ||
| 007 | cr ||||||||||| | ||
| 008 | 240820s2023 sp o 000 0 spa d | ||
| 035 | |a (OCoLC)1452774834 | ||
| 040 | |a DGITA |b eng |e rda |e pn |c DGITA | ||
| 020 | |z 9788478849512 | ||
| 050 | 1 | 4 | |a B93 ebook |
| 100 | 1 | |a Miranda Jurado, Bartolomé, |d 1959- |e author. | |
| 245 | 1 | 4 | |a Una aproximación a la filosofía : |b ¿qué será eso de la filosofía? / |c Bartolomé Miranda Jurado. |
| 264 | 1 | |a Madrid : |b Editorial Popular, |c [2023] | |
| 300 | |a 1 online resource. | ||
| 336 | |a text |b txt |2 rdacontent | ||
| 337 | |a computer |b c |2 rdamedia | ||
| 338 | |a online resource |b cr |2 rdacarrier | ||
| 347 | |a text file |2 rdaft | ||
| 347 | |b PDF | ||
| 490 | 1 | |a Urgencias | |
| 588 | 0 | |a Online resource; title from PDF title page (Digitalia, viewed August 20, 2024) | |
| 650 | 0 | |a Philosophy. | |
| 791 | 2 | |a Digitalia (Firm), |e distributor. | |
| 793 | 0 | |g Digitalia eBook Collection: |a Editorial Popular | |
| 776 | 0 | 8 | |i Print version: |a Miranda Jurado, Bartolomé, 1959- |t Aproximación a la filosofía. |d Madrid : Editorial Popular, [2023] |z 9788478849512 |
| 830 | 0 | |a Urgencias. | |
| 856 | 4 | 0 | |3 Digitalia Hispánica |u https://digitalia.unach.elogim.com/a/155784/ |
| 910 | |a Premium collection: 2024 | ||